Violencia política y diálogo nacional /

Збережено в:
Бібліографічні деталі
Автор: Márquez, Gerinaldo
Формат: Текст
Теги: Додати тег
Немає тегів, Будьте першим, хто поставить тег для цього запису!

MARC

LEADER 00000 a a2200000 04500
001 16313
003
040
100 |a Márquez, Gerinaldo  
245 |a Violencia política y diálogo nacional /  |c Gerinaldo Márquez 
773 |g número 8; páginas 52-60  
999 |c 35080  |d 35080